Ever After High - Royal or Rebel? - Statistics

General Stats
  • This quiz has been taken 144 times
  • The average score is 16 of 34
Answer Stats
Hint Answer % Correct
Apple White Royal
97%
Cerise Hood Rebel
72%
Blondie Lockes Royal
62%
Daring Charming Royal
62%
Cedar Wood Rebel
60%
Dexter Charming Royal
60%
Brooke Page Rebel
58%
Hunter Huntsman Rebel
58%
Sparrow Hood Rebel
58%
Farrah Goodfairy Royal
57%
Hopper Croakington II Royal
57%
Kitty Cheshire Rebel
55%
Raven Queen Rebel
55%
Alistair Wonderland Royal
53%
Holly O'Hair Royal
52%
Meeshell Mermaid Royal
50%
Jackie Frost Rebel
47%
Madeline Hatter Rebel
47%
Ginger Breadhouse Rebel
45%
Jillian Beanstalk Rebel
45%
Duchess Swan Royal
42%
Melody Piper Rebel
40%
Justine Dancer Royal
38%
Humphrey Dumpty Rebel
37%
Lizzie Hearts Royal
37%
Bunny Blanc Royal
35%
Faybelle Thorn Royal
32%
Poppy O'Hair Rebel
30%
Milton Grimm Royal
30%
Briar Beauty Rebel
25%
C.A. Cupid Rebel
25%
Darling Charming Rebel
25%
Ashlynn Ella Rebel
17%
Courtly Jester Royal
13%
No matching quizzes found
Score Distribution
Percent of People with Each Score
Percentile by Number Answered
Your Score History
You have not taken this quiz